Quizzes
Events
Quiz Creation
Community
Videos
Private Events
Remove Ads
Sign In
Join for FREE
Feedback
Dark Mode
Quiz Categories
Sports
Geography
Music
Movies
Television
Just For Fun
Miscellaneous
History
Literature
Language
Science
Gaming
Entertainment
Religion
Holiday
For Kids
Quiz Lab
Recent
Popular Today
Quiz Kudos Today
Editor Picks
Curator Picks
Quizzes by...
Day
Popularity
Type
Ratings
Length
Year
Community
Subscriptions
Recent Discussions
Orange Saloon
Badges
Playlists
Quests
Create
Leaderboards
Showdown
Live 5
Trivia Bingo
Activity
Puzzle Library
Sporcle Events
Private Events
Virtual Trivia
Globe League
Become a Host
Pub Owners
SporcleCon
Opinionation
Our Games
Videos
Blog
Mobile Apps
Partnerships
Remove Ads and Go Orange
Feedback
Television
TV Characters
TV Show
Sitcom
Network
Friends
Reality Shows
Cast
South Park
Star Trek
The Simpsons
Doctor Who
Television
TV Characters
TV Show
Sitcom
Network
Friends
Reality Shows
Cast
South Park
Star Trek
The Simpsons
Doctor Who
Random Quiz
Search Sporcle
×
Quiz Lab
Quiz Lab
Television
Cartoons
Type answers that correspond to images
Type answers that correspond to images
Picture Box
Best Score? Go Orange.
Extended Family Guy Stats
Can you identify the extended family members (or their relationships) of the Quahog crew who are not regular characters on the show?
By
pdigoe
5m
16 Questions
157 Plays
157 Plays
157 Plays
Comments
Comments
Give Quiz Kudos
Give Quiz Kudos
-
- Ratings
hide this ad
Replay
Link that replays current quiz
Next Quiz
Link to next quiz in quiz playlist
You Got
0%
They Got
Avg Score
61%
Avg Friend Score
Upgrade to see
Score Distribution
Jump to the score distribution portion of the page
Score
0/16
Timer
05:00
0
Plays Today
% Correct
Barbara 'Babs' Pewterschmidt (Lois' Mom)
84%
Francis Griffin (Peter's Dad)
83.3%
Carter Pewterschmidt (Lois' Dad)
82.1%
Jasper (Brian's Cousin)
74.4%
Bertram (Stewie's Archenemy)
67.9%
Thelma Griffin (Peter's Mom)
65.4%
Patrick Pewterschmidt (Lois' Brother)
61.5%
Mickey McFinnigan (Peter's Real Dad)
60.9%
% Correct
Carol Pewterschmidt-West (Lois' Sister)
59%
Biscuit (Brian's Mom)
58.3%
Dylan Flannigan (Brian's Son)
57.1%
Dan/Ida Quagmire (Glenn's Dad)
57.1%
Vinnie Griffin (The New Dog)
55.8%
Karen 'Heavy Flo' Griffin (Peter's Sister)
51.3%
Brenda Quagmire (Glenn's Sister)
42.3%
Aunt Margaritte (Lois' Aunt)
21.8%
Quiz Playlist
Details
Report
Send in Message
Add To Playlist
Picture Box:
Type answers that correspond to images
Quiz Source
Last Updated: Feb 16, 2017
Quiz Scoreboard
CHALLENGE
Sign Up to Join the Scoreboard
Show All
Scores
Hide
Comments
May contain spoilers
Recently Published
Movies - When Are They Set?
by FPL_Elf
Movies
5m
Popular People in 1961
by mucciniale
History
6m
1-10 Letter E Words III
by El_Dandy
Language
2m
More to Explore
Quiz From the Vault
Featured Blog Post
Where Did the Easter Bunny Come From?
hide this ad
You Might Also Like...
Tags
Cartoons Quiz
TV Show Quiz
Family
Family Guy
Fox Animation
Fox Television
griffin
Image Quiz
pet
Quagmire
Today's Top Quizzes in Television
Browse Television
hide this ad
Today's Top Quizzes in Cartoons
Browse Cartoons
Top Contributed Quizzes in Television
1
One Piece Logic Puzzle
2
Survivor Logic Puzzle: Heroes vs. Villains
3
Survivor Seasons
4
Survivor Season by Logo
5
5-to-1: The Simpsons Families
6
Survivor Trivia
7
One Thing in Common: Television
8
Who Wants to Be a Millionaire?
9
Survivor Logic Puzzle: Winners at War
10
Ultimate Survivor Logic Puzzle
Explore More
Trending Topics
Harry Potter
Marvel
Kpop
Anime
Crossword
NBA
Disney
Puzzle
NFL
Soccer
Song
The Office
Country
Pokémon
WWE
hide this ad
More By:
pdigoe
Quiz
Plays
Rating
Category
Featured
Created
NBA Nickname Picture Click
155,357
4.50
Sports
Nov 6, 2017
Somewhere in the Middle (Sports)
153,271
4.21
Sports
Oct 10, 2016
Somewhere in the Middle (Geography)
120,370
4.06
Geography
Nov 8, 2016
Top 10 Power Forwards (ESPN)
101,995
4.26
Sports
Feb 24, 2016
What's in a Male Name?
77,087
4.48
Language
May 5, 2016
Go to Creator's Profile
Score Distribution
Quiz Creator Spotlight
pdigoe
Follow
Send a Message
Quizzes Created
-
Created Quiz Play Count
-
More By This Creator
Popular Quizzes Today
1
Find the Countries of Europe - No Outlines Minefield
2
Find the US States - No Outlines Minefield
3
The Countries of the World
4
Popular People in 1961
5
US States
6
1-10 Letter E Words III
7
Find the US States
8
One Thing in Common: World Cities II
More Television Quizzes
TV Character Blitz
Published
Trending Quizzes
Risky Map Clicking: Least Populous States A-Z
1-10 Letter F Words
1-10 Letter G Words
One Thing in Common: United Kingdom
Risky Map Clicking: Next State Alphabetically
Recently Updated
Leaping Animals
pecheneg
Reality TV Shows (A-Z)
bhenderson79
Rickey Henderson's Hall of Fame Teammates
pecheneg
Champions League XIs: Arsenal
pecheneg
Quick Pick: Celebrities in WWE's Hall of Fame
aduchscher
A-Z Keypad Blitz II
pecheneg
Multiple Oscar Actors
pecheneg
Mystery Phrase Blitz: Oscar 'Best Actors'
pecheneg
F. Scott Fitzgerald Novels
LTH
Pick 3 Villains
ddd62291
Trending Topics
Marvel
NBA
Anime
Harry Potter
Kpop
Disney
Crossword
WWE
Country
Pokémon
NFL
Song
Puzzle
Soccer
The Office
Your Account Isn't Verified!
In order to create a playlist on Sporcle, you need to verify the email address you used during registration. Go to your
Sporcle Settings
to finish the process.
Report this User
Report this user for behavior that violates our
Community Guidelines
.
Details:
Send Report
Go to the Sporcle.com Mobile Site →
Comments